Border cities - Statistics

General Stats
  • This quiz has been taken 17 times
  • The average score is 19 of 25
Answer Stats
Clue City % Correct
3) Capital of the DRC on the Congo river Kinshasa
100%
6) Southern California megacity, across theborder of the above San Diego
100%
5) Large Mexican city on the border withCalifornia Tijuana
100%
12) Largest city and capital of Denmark Copenhagen
94%
7) The Motor City of America Detroit
94%
1) West Texas city on the Rio Grandeborder El Paso
94%
19) Turkish megacity that sits on the border ofEurope and Asia Istanbul
94%
11) Larger border city of the above Minneapolis
94%
4) Republic of the Congos' capital, borderneighbor of the above Brazzaville
88%
16) Large western NY city on the Ontario border Buffalo
88%
21) This famous lake town in northern Italy liesacross the border from Chiasso, Switzerland Como
88%
2) The Mexican neighbor city of the above Juarez
88%
9) These two border cities have the same namebut are in both Missouri and Kansas Kansas City
88%
13) Swedish city connected to the above by the Oresund Bridge Malmo
88%
23) Papal capital that lies inside the city of Rome Vatican City
88%
18) First French city across the "border" to England Calais
75%
10) Capital of Minnesota St Paul
75%
20) This megacity lies across the border fromShenzhen, China Hong Kong
69%
8) Border city of the above, connected by theAmbassador Bridge Windsor
69%
14) Southern Texas city on the Mexico border near the Gulf Brownsville
63%
22) The city of Slubice, Poland lies across fromthis German megacity Frankfurt
38%
15) Mexican border city of the above Matamoros
38%
25) Fargo, ND is a twin to this Minnesota city Moorhead
25%
24) The city of Blaine, Washington lies across fromthis major British Columbia city Surrey
25%
17) Canadian city connected to the above via thePeace Bridge Fort Erie
13%
No matching quizzes found
Score Distribution
Percent of People with Each Score
Percentile by Number Answered
Your Score History
You have not taken this quiz